Countries by Non-Capital Municipalities - Statistics

General Stats
  • This quiz has been taken 11 times
    8 since last reset
  • The average score is 11 of 20
Answer Stats
Hint Answer % Correct
Haikou China
100%
Swift Current Canada
80%
Palmerston North New Zealand
80%
Aberystwyth United Kingdom
80%
Comodoro Rivadavia Argentina
60%
Nancy France
60%
Schaan Liechtenstein
60%
George Town Malaysia
60%
Iquitos Peru
60%
Kaohsiung Taiwan
60%
Kalispell United States
60%
Macapá Brazil
40%
Hanga Roa Chile
40%
La Fortuna Costa Rica
40%
Savusavu Fiji
40%
Kumasi Ghana
40%
Pokhara Nepal
40%
Vieux Fort Saint Lucia
40%
Bata Equatorial Guinea
20%
Baucau Timor-Leste
20%
No matching quizzes found
Score Distribution
Percent of People with Each Score
Percentile by Number Answered
Your Score History
You have not taken this quiz since the last reset